| 000 | 01394cad a22002415a 4500 | ||
|---|---|---|---|
| 001 | L141432 | ||
| 008 | 071123e20071122xxk f 000 0 eng d | ||
| 035 | _a(Sirsi) u141432 | ||
| 041 | 0 | _aeng | |
| 050 | 0 | 4 | _a696.9 $2 18 |
| 110 | 1 |
_aUnited Kingdom _bDepartment for Communities and Local Government _94939 |
|
| 245 | 0 | 0 |
_aGreen ratings to benefit all home buyers _h[electronic resource] |
| 260 |
_aLondon _bGNN _c2007 |
||
| 520 | _aReports that the final stage of the introduction of Home Information Packs and Energy Performance Certificates is to take place on 14 December 2007. This will meet all criteria which had originally been planned for 11 June 2007. Buyers with low EPC ratings are receiving government help on energy efficiency measures. The housing minister reports that the gradual introduction has gone smoothly, with HIPs costing on average £300-£350 and taking 7-10 days to prepare. | ||
| 590 | _aKA NTK | ||
| 650 | 2 | 4 | _aHOME INFORMATION PACKS |
| 650 | 2 | 4 | _aENERGY PERFORMANCE CERTIFICATES |
| 650 | 2 | 4 | _aHOUSING ACT 2004 PART V |
| 651 | 4 |
_aUnited Kingdom _y |
|
| 690 | _aPROPERTY-RESIDENTIAL PROPERTY-ACQUISITION AND DISPOSAL OF RESIDENTIAL PROPERTY-HOME BUYING REFORM | ||
| 856 | 4 | 0 |
_uhttps://webarchive.nationalarchives.gov.uk/20071204125945/http://www.communities.gov.uk/news/corporate/556730 _zView the item free of charge at nationalarchives.gov.uk |
| 942 | _n0 | ||
| 999 |
_c107661 _d107661 |
||